[Event "St Petersburg-ch Seniors (Women)"]
[Site "St Petersburg"]
[Date "2022.09.30"]
[Round "7"]
[White "Malinicheva, Lidia"]
[Black "Kapelkina, Galina"]
[Result "1-0"]
[WhiteElo "1845"]
[BlackElo "1644"]
[PlyCount "57"]
[EventDate "2022.09.24"]
[EventType "swiss"]
[EventRounds "9"]
[EventCountry "RUS"]
[SourceTitle "CBM 210 Extra"]
[Source "ChessBase"]
[SourceDate "2022.11.30"]
[SourceVersion "1"]
[SourceVersionDate "2022.11.30"]
[SourceQuality "1"]

1. d4 d5 2. Nf3 Nf6 3. e3 c6 4. Bd3 e6 5. Nbd2 Be7 6. b3 Nbd7 7. Bb2 0-0 8. 0-0 Re8 9. Ne5 Nf8 10. f4 N6d7 11. Qf3 Bf6 12. Rae1 g6 13. e4 Bg7 14. exd5 exd5 15. f5 Nf6 16. b4 N8d7 17. g4 gxf5 18. gxf5 Ne4 19. Nxe4 dxe4 20. Rxe4 Nf6 21. Rh4 Qd5 22. Bc4 Qxf3 23. Bxf7+ Kf8 24. Rxf3 Rxe5 25. dxe5 Kxf7 26. exf6 Bf8 27. Rxh7+ Kg8 28. Rfh3 Bxb4 29. Rh8+ 1-0

[Event "St Petersburg-ch Seniors (Women)"]
[Site "St Petersburg"]
[Date "2022.09.28"]
[Round "5"]
[White "Vasiukova, Ekaterina"]
[Black "Malinicheva, Lidia"]
[Result "1-0"]
[WhiteElo "1675"]
[BlackElo "1845"]
[PlyCount "120"]
[EventDate "2022.09.24"]
[EventType "swiss"]
[EventRounds "9"]
[EventCountry "RUS"]
[SourceTitle "CBM 210 Extra"]
[Source "ChessBase"]
[SourceDate "2022.11.30"]
[SourceVersion "1"]
[SourceVersionDate "2022.11.30"]
[SourceQuality "1"]

1. d4 d5 2. Bf4 c5 3. e3 Nf6 4. c3 e6 5. Nd2 Nbd7 6. h3 Be7 7. Ngf3 0-0 8. Be2 Qb6 9. Qc2 Re8 10. 0-0 Nf8 11. Ne5 N6d7 12. Ndf3 f6 13. Nxd7 Bxd7 14. Rfe1 Rac8 15. Rac1 Bd8 16. Red1 cxd4 17. exd4 Bb5 18. Bxb5 Qxb5 19. Bd6 Ng6 20. Re1 Rc6 21. Bg3 Qa6 22. Bh2 b5 23. a3 Qb7 24. Re3 a5 25. Qb3 Ne7 26. Rce1 Nf5 27. R3e2 a4 28. Qc2 Qd7 29. g4 Nd6 30. Bxd6 Qxd6 31. Qd3 Rb6 32. Qe3 Bc7 33. g5 Qf8 34. Kg2 Qf7 35. Rg1 e5 36. gxf6 e4 37. Ne5 Qh5 38. f7+ Kh8 39. fxe8Q+ Qxe8 40. f4 Rh6 41. Kf1 Qe6 42. Rh2 Rf6 43. Qg3 g6 44. h4 Bxe5 45. dxe5 Qxe5 46. Ke2 Qc7 47. Rf2 Qc4+ 48. Ke1 d4 49. Rd2 d3 50. Qe3 Kg7 51. Rg5 Rf5 52. Rg1 Rf6 53. Kf2 Qf7 54. Kg3 Re6 55. Re1 Kf6 56. Qd4+ Kf5 57. Qd5+ Kf6 58. Rxe4 Rxe4 59. Qxe4 Qa7 60. Qd4+ Qxd4 1-0

[Event "St Petersburg Autumn op"]
[Site "St Petersburg"]
[Date "2011.11.05"]
[Round "9"]
[White "Malinicheva, Lidia"]
[Black "Tskhadadze, Anna"]
[Result "1-0"]
[WhiteElo "2025"]
[BlackElo "1806"]
[PlyCount "105"]
[EventDate "2011.10.28"]
[EventType "swiss"]
[EventRounds "9"]
[EventCountry "RUS"]
[SourceTitle "EXT 2013"]
[Source "ChessBase"]
[SourceDate "2012.11.22"]
[SourceVersion "1"]
[SourceVersionDate "2012.11.22"]
[SourceQuality "1"]

1. e4 e5 2. Nf3 Nc6 3. Bb5 a6 4. Bxc6 dxc6 5. d4 Bg4 6. Be3 exd4 7. Qxd4 Bxf3 8. gxf3 Qxd4 9. Bxd4 0-0-0 10. Bc3 Ne7 11. Nd2 Ng6 12. Rg1 f6 13. Nc4 Bc5 14. Bd2 Rd4 15. b3 Rhd8 16. Be3 Bb4+ 17. Ke2 R4d7 18. Rad1 Rxd1 19. Rxd1 Rxd1 20. Kxd1 Bd6 21. h3 Bf4 22. Nb2 Kd7 23. Nd3 Bd6 24. f4 b6 25. Ke2 c5 26. f5 Ne7 27. f4 Nc6 28. c3 Na5 29. e5 fxe5 30. fxe5 c4 31. bxc4 Be7 32. c5 Nc4 33. cxb6 cxb6 34. Bd4 Bf8 35. Nf4 b5 36. Kd3 Na5 37. Ne6 Ke8 38. Nc7+ Kd7 39. Nxa6 Nc6 40. Ke4 g6 41. f6 Nd8 42. Kd5 g5 43. Bc5 Ne6 44. Bxf8 Nxf8 45. Nc5+ Ke8 46. e6 h5 47. Ne4 Ng6 48. Nxg5 Nf8 49. Kd6 Ng6 50. e7 Nh8 51. Ke6 b4 52. f7+ Nxf7 53. Nxf7 1-0

[Event "St Petersburg Autumn op"]
[Site "St Petersburg"]
[Date "2011.11.03"]
[Round "7"]
[White "Malinicheva, Lidia"]
[Black "Kuvyrshin, Maksim"]
[Result "0-1"]
[WhiteElo "2025"]
[BlackElo "1834"]
[PlyCount "55"]
[EventDate "2011.10.28"]
[EventType "swiss"]
[EventRounds "9"]
[EventCountry "RUS"]
[SourceTitle "EXT 2013"]
[Source "ChessBase"]
[SourceDate "2012.11.22"]
[SourceVersion "1"]
[SourceVersionDate "2012.11.22"]
[SourceQuality "1"]

1. e4 c5 2. Nc3 Nc6 3. Nf3 g6 4. Bb5 d6 5. Bxc6+ bxc6 6. 0-0 Bg7 7. Re1 e5 8. d3 Ne7 9. b3 0-0 10. Nd2 Be6 11. Bb2 f5 12. exf5 gxf5 13. Qh5 Qe8 14. Qxe8 Raxe8 15. Nc4 Bxc4 16. dxc4 e4 17. Rad1 Rd8 18. Na4 Bxb2 19. Nxb2 Nc8 20. Re3 Nb6 21. f3 d5 22. cxd5 cxd5 23. fxe4 dxe4 24. Rc3 Rxd1+ 25. Nxd1 Rd8 26. Nf2 Rd2 27. Rxc5 e3 28. Nd3 0-1

[Event "St Petersburg Autumn op"]
[Site "St Petersburg"]
[Date "2011.10.28"]
[Round "1"]
[White "Malinicheva, Lidia"]
[Black "Chigaev, Maksim"]
[Result "0-1"]
[WhiteElo "2025"]
[BlackElo "2289"]
[PlyCount "58"]
[EventDate "2011.10.28"]
[EventType "swiss"]
[EventRounds "9"]
[EventCountry "RUS"]
[SourceTitle "EXT 2013"]
[Source "ChessBase"]
[SourceDate "2012.11.22"]
[SourceVersion "1"]
[SourceVersionDate "2012.11.22"]
[SourceQuality "1"]

1. e4 e6 2. Nf3 d5 3. e5 c5 4. d4 Nc6 5. c3 Bd7 6. a3 f6 7. exf6 Nxf6 8. Bb5 Bd6 9. 0-0 0-0 10. Bxc6 Bxc6 11. Ne5 Qc7 12. f4 Bb5 13. Rf3 Ne4 14. Be3 Be8 15. Qe1 Qb6 16. b4 cxb4 17. cxb4 a5 18. Nd2 Nxd2 19. Bxd2 axb4 20. Rb1 Qxd4+ 21. Be3 Qe4 22. axb4 Bxe5 23. fxe5 Rxf3 24. gxf3 Qg6+ 25. Kh1 Ra2 26. Qg1 Qf5 27. Rf1 Bb5 28. Rf2 Be2 29. Qg3 Qb1+ 0-1

[Event "RUS-ch Seniors (Women)"]
[Site "Odintsovo"]
[Date "2011.04.27"]
[Round "9"]
[White "Malinicheva, Lidia"]
[Black "Sorokina, Tamara"]
[Result "0-1"]
[WhiteElo "2015"]
[BlackElo "2154"]
[PlyCount "70"]
[EventDate "2011.04.19"]
[EventType "swiss"]
[EventRounds "9"]
[EventCountry "RUS"]
[SourceTitle "CBM 142 Extra"]
[Source "ChessBase"]
[SourceDate "2011.06.27"]
[SourceVersion "1"]
[SourceVersionDate "2011.06.27"]
[SourceQuality "1"]

1. e4 c5 2. Nc3 Nc6 3. f4 g6 4. Nf3 Bg7 5. Bc4 e6 6. f5 Na5 7. Be2 Ne7 8. d3 exf5 9. 0-0 0-0 10. Qe1 d6 11. Qh4 f6 12. Bh6 Be6 13. Bxg7 Kxg7 14. d4 fxe4 15. Qxe4 Bf5 16. Qf4 Qb6 17. g4 Bd7 18. g5 fxg5 19. Qxg5 Nf5 20. Bd3 Rae8 21. Nd5 Qd8 22. Qd2 c4 23. Be2 Bc6 24. Nb4 Ne3 25. Nxc6 Nxc6 26. Rf2 d5 27. Kh1 Re4 28. c3 Qe7 29. Rg1 Nd8 30. h3 Ne6 31. Rh2 Nf5 32. Ne5 Qh4 33. Bg4 Ng3+ 34. Rxg3 Qxg3 35. Nf3 Rxf3 0-1

[Event "RUS-ch Seniors (Women)"]
[Site "Odintsovo"]
[Date "2011.04.21"]
[Round "3"]
[White "Kuznetsova, Luba"]
[Black "Malinicheva, Lidia"]
[Result "0-1"]
[WhiteElo "2096"]
[BlackElo "2015"]
[PlyCount "120"]
[EventDate "2011.04.19"]
[EventType "swiss"]
[EventRounds "9"]
[EventCountry "RUS"]
[SourceTitle "CBM 142 Extra"]
[Source "ChessBase"]
[SourceDate "2011.06.27"]
[SourceVersion "1"]
[SourceVersionDate "2011.06.27"]
[SourceQuality "1"]

1. d4 d5 2. Nf3 Nf6 3. h3 c5 4. c3 cxd4 5. cxd4 Nc6 6. Nc3 e6 7. e3 Bb4 8. Bd3 Ne4 9. Bd2 Nxd2 10. Qxd2 0-0 11. 0-0 f5 12. a3 Bd6 13. b4 Bd7 14. Rab1 Rc8 15. Ne2 Qf6 16. Bb5 g5 17. g3 h6 18. Kg2 Be8 19. Rbc1 Bh5 20. Bxc6 Bxf3+ 21. Kxf3 bxc6 22. Kg2 Qg6 23. f4 Kf7 24. Rc3 Ke7 25. Rfc1 Kd7 26. Qd3 Rc7 27. b5 gxf4 28. exf4 Rb8 29. Rxc6 Rcb7 30. a4 h5 31. h4 Rg8 32. Rxd6+ Kxd6 33. Qa3+ Kd7 34. Qc5 Rgb8 35. Qc6+ Ke7 36. Nc3 Kf7 37. Re1 Qf6 38. Re5 Re7 39. Ne2 Rbb7 40. Qc3 Rec7 41. Qb3 Rc4 42. Re3 a6 43. b6 a5 44. Qb5 Rb4 45. Qxa5 R4xb6 46. Qc3 Qe7 47. Ng1 Qb4 48. Nf3 Qxc3 49. Rxc3 Rb2+ 50. Kh3 Ra2 51. Ng5+ Kf6 52. Rc6 Re2 53. a5 Rbb2 54. Nf3 Rb3 55. Ne5 Rbb2 56. Nf3 Ke7 57. a6 Ra2 58. Rb6 Rf2 59. Rb7+ Kd6 60. Rb3 Rxa6 0-1

[Event "RUS-ch Seniors (Women)"]
[Site "Odintsovo"]
[Date "2011.04.20"]
[Round "2"]
[White "Malinicheva, Lidia"]
[Black "Butneva, Larisa"]
[Result "1-0"]
[WhiteElo "2015"]
[BlackElo "1859"]
[PlyCount "88"]
[EventDate "2011.04.19"]
[EventType "swiss"]
[EventRounds "9"]
[EventCountry "RUS"]
[SourceTitle "CBM 142 Extra"]
[Source "ChessBase"]
[SourceDate "2011.06.27"]
[SourceVersion "1"]
[SourceVersionDate "2011.06.27"]
[SourceQuality "1"]

1. Nf3 Nf6 2. d4 e6 3. Bg5 d5 4. e3 Nbd7 5. Bd3 Be7 6. 0-0 0-0 7. Nbd2 c5 8. c3 b6 9. Rc1 Bb7 10. Qa4 a6 11. Bb1 b5 12. Qc2 Ne4 13. Bxe7 Qxe7 14. Ne5 f5 15. Ndf3 Nxe5 16. Nxe5 Rac8 17. Qe2 Rf6 18. f3 Nd6 19. Rf2 cxd4 20. exd4 Rh6 21. Re1 Rf8 22. g3 Nc4 23. Nd3 g5 24. Nc5 Bc8 25. b3 Nd6 26. Bd3 Qd8 27. Qd2 Nf7 28. Rfe2 Qd6 29. b4 Rf6 30. a4 bxa4 31. Nxa4 h6 32. Nc5 Re8 33. Ra1 e5 34. Bxa6 e4 35. Bxc8 Rxc8 36. fxe4 fxe4 37. Rf2 Rc6 38. b5 Rb6 39. Rxf6 Qxf6 40. Nd7 Qd6 41. Nxb6 Qxb6 42. Qe2 Nd6 43. Qf1 Qxb5 44. Ra8+ Ne8 1-0

[Event "RUS-ch Seniors (Women)"]
[Site "Odintsovo"]
[Date "2011.04.19"]
[Round "1"]
[White "Zakharova, Lidiya"]
[Black "Malinicheva, Lidia"]
[Result "1/2-1/2"]
[WhiteElo "1841"]
[BlackElo "2015"]
[PlyCount "69"]
[EventDate "2011.04.19"]
[EventType "swiss"]
[EventRounds "9"]
[EventCountry "RUS"]
[SourceTitle "CBM 142 Extra"]
[Source "ChessBase"]
[SourceDate "2011.06.27"]
[SourceVersion "1"]
[SourceVersionDate "2011.06.27"]
[SourceQuality "1"]

1. d4 Nf6 2. Nf3 e6 3. g3 c5 4. Bg2 Nc6 5. c3 cxd4 6. Nxd4 d5 7. 0-0 Bd7 8. Bg5 Be7 9. Nd2 h6 10. Nxc6 bxc6 11. Bxf6 Bxf6 12. Nb3 Qb6 13. e4 0-0 14. Kh1 a5 15. Rb1 a4 16. Nd2 Rfd8 17. Qe2 e5 18. exd5 Bf5 19. dxc6 Bd3 20. Qe3 Qxe3 21. fxe3 Rac8 22. Ne4 Be7 23. Nd2 Bxb1 24. Nxb1 Bc5 25. c4 Bxe3 26. Bd5 Rf8 27. Nc3 Kh7 28. Ne4 Rc7 29. Nd6 Bc5 30. Ne4 Bd4 31. b4 axb3 32. axb3 Rfc8 33. Nd6 Rxc6 34. Nxc8 Rxc8 35. Rxf7 1/2-1/2

[Event "RUS-ch (Women) 1st League 61st"]
[Site "Ivanovo"]
[Date "2011.02.26"]
[Round "6"]
[White "Sirotkina, Anna"]
[Black "Malinicheva, Lidia"]
[Result "0-1"]
[WhiteElo "1780"]
[BlackElo "2015"]
[PlyCount "64"]
[EventDate "2011.02.21"]
[EventType "swiss"]
[EventRounds "9"]
[EventCountry "RUS"]
[SourceTitle "CBM 141 Extra"]
[Source "ChessBase"]
[SourceDate "2011.05.03"]
[SourceVersion "1"]
[SourceVersionDate "2011.05.03"]
[SourceQuality "1"]

1. d4 Nf6 2. c4 g6 3. Nc3 d5 4. cxd5 Nxd5 5. e4 Nb6 6. Be3 Bg7 7. Nf3 Bg4 8. h3 Bxf3 9. gxf3 e6 10. Qb3 0-0 11. f4 Nc6 12. Rd1 Qh4 13. Rg1 Rfd8 14. Ne2 Na5 15. Qc3 Nac4 16. b3 Nxe3 17. Qxe3 Bf8 18. Nc3 Bb4 19. Rg4 Qf6 20. Ke2 c5 21. Nb5 cxd4 22. Rxd4 Rxd4 23. Qxd4 Qe7 24. Kf3 Rd8 25. Qa1 a6 26. Nc3 f5 27. Rg3 Qc5 28. Kg2 Rd2 29. Ne2 Nd7 30. e5 Qd5+ 31. Kg1 Nc5 32. Bg2 Rd1+ 0-1

[Event "Ivanovo Derbenev op"]
[Site "Ivanovo"]
[Date "2010.06.27"]
[Round "7"]
[White "Malinicheva, Lidia"]
[Black "Zabotin, Alexander"]
[Result "0-1"]
[WhiteElo "2023"]
[BlackElo "2473"]
[PlyCount "56"]
[EventDate "2010.06.20"]
[EventType "swiss"]
[EventRounds "9"]
[EventCountry "RUS"]
[SourceTitle "CBM 137 Extra"]
[Source "ChessBase"]
[SourceDate "2010.09.01"]
[SourceVersion "1"]
[SourceVersionDate "2010.09.01"]
[SourceQuality "1"]

1. e4 c5 2. Nc3 Nc6 3. f4 g6 4. Nf3 Bg7 5. Bc4 e6 6. d3 Nge7 7. Bb5 d5 8. 0-0 0-0 9. Qe1 Nd4 10. Qh4 Nec6 11. Qxd8 Rxd8 12. Nxd4 cxd4 13. Ne2 dxe4 14. dxe4 b6 15. Ba4 Nb4 16. Ng3 Ba6 17. Rd1 Rac8 18. Rd2 h6 19. Rf2 d3 20. c3 Nc2 21. Rb1 Bf8 22. b4 Rxc3 23. Bd2 Ra3 24. Bc6 Nd4 25. Bc1 Rc3 26. Ba4 Ne2+ 27. Nxe2 dxe2 28. Bb2 Bxb4 0-1